000 00578nam a22002297a 4500
003 DO-SdBNP
005 20211021100441.0
007 ta
008 210906b2018 dr ||||| |||| 00| 0 spa d
020 _a9789945912937
040 _aDO-SdBNP
_bspa
_cBNPHU
082 4 _222
100 1 _aJiménez, Yaissa
_979764
245 1 0 _aRitual Papaya /
_cYaissa Jiménez.
260 _aSan Juan
_bZemí Book,
_c2018.
300 _a91 p. ;
_c21 cm.
490 1 _aMontra
590 _aInventariado, 2021 /LP
830 0 _aMontra
_979765
910 _aLopérez
942 _2ddc
_cLBS1
999 _c50427
_d50427